| 000 | 00728nam a22001935i 4500 | ||
|---|---|---|---|
| 001 | 154414 | ||
| 003 | ES-MaACL | ||
| 005 | 20230906205722.0 | ||
| 008 | 961110s1859 sp |||| | spa d | ||
| 040 |
_aCLM _bspa _cCCPB | SIC |
||
| 100 | 0 |
_aGómez de Arteche, José. _957884 |
|
| 245 | 1 | 0 |
_aGeografía histórico-militar de España y Portugal / _cescrita por el coronel José Gómez de Arteche. |
| 260 |
_aMadrid : _b[s.n.], _c1859 ( _fEstab. tip. de Francisco de P. Mellado) |
||
| 300 |
_a2 v.(487, 690 p.) ; _c17 cm. |
||
| 651 | 4 |
_aEspaña- _xGeografía. _98200 |
|
| 651 | 4 |
_aPortugal- _xGeografía. _99254 |
|
| 852 |
_aES-MaACL _jG-11007-08 _z-- Enc. hol. _z.- Legado Calderón |
||
| 852 |
_aES-MaACL _jC-9-10 _z-- Enc. hol. |
||
| 999 |
_c154414 _d154414 |
||